000 00544nam a2200193Ia 4500
005 20250326144951.0
008 250326s9999 xx 000 0 und d
020 _a0-7879-5943-X
037 _aTextbook
040 _aFMSL
_beng
_cFMSL
041 _aeng
_2eng
084 _aX8(A):8 P2
_qFMSL
100 _aAshkenas R
_9750395
245 0 _aBoundaryless organization
_cAshkenas R; Ulrich D And Others
260 _aUSA
_bUSA, Jossey-Bass
_c2002
300 _axxxviii,346
942 _cTB
_hX8(A):8 P2
999 _c1305843
_d1305843